000 00580cam a22002053a 4500
001 38628
003 PGUSA
005 20140828083842.0
008 120120s2012||||xxu|||||s|||||000 | eng d
040 _aPGUSA
_beng
042 _adc
100 1 _aAlbertazzi, Adolfo,
_d1865-1924
245 1 0 _aVecchie storie d'amore
_h[electronic resource] /
_cAdolfo Albertazzi
260 _bProject Gutenberg,
_c2012
506 _aPublic domain in the USA.
516 _aElectronic text
830 0 _aProject Gutenberg
_v38628
856 4 0 _uhttp://www.gutenberg.org/ebooks/38628
942 _cEB
999 _c267882
_d267882